000 00517cam a2200157 4500500
005 20260329002638.0
041 _afre
042 _adc
100 1 0 _aPortevin, Catherine
_eauthor
245 0 0 _aLe "Comme si". Kant, Vaihinger et le fictionalisme
260 _c2013.
500 _a17
690 _aChristophe Bouriau
786 0 _nPhilosophie magazine | 67 | 3 | 2013-03-01 | p. 56-56 | 1951-1787
856 4 1 _uhttps://shs.cairn.info/magazine-philosophie-magazine-2013-3-page-56?lang=fr&redirect-ssocas=7080
999 _c1816976
_d1816976